Almada Negreiros (Registo nº 201562)
[ vista simples ]
| 000 -Etiqueta do registo | |
|---|---|
| Valores | 00622nam 22001813 4500 |
| 010 ## - Número ISBN | |
| ISBN | 972-8386-18-4 |
| 021 ## - Número do Depósito Legal | |
| Número | 13048/98 |
| 100 ## - Dados gerais de processamento | |
| Dados gerais | 20260327d u||y0pory50 ba |
| 200 ## - Titulo e menção de responsabilidade | |
| Título próprio | Almada Negreiros |
| Informação de outro título | a descoberta como necessidade |
| Primeira menção de responsabilidade | coord. Celina Silva: actas do colóquio internacional, porto, 12, 13 e 14 de Dezembro de 1996 |
| 210 ## - Publicação | |
| Local de publicação | Porto |
| Nome do editor | Fundação Eng. António de Almeida |
| Data de publicação | 1996 |
| 215 ## - Descrição física | |
| Paginação / Volumes | 659 p. |
| Outras indicações físicas | brochado |
| Dimensões | 24 cm |
| 604 ## - Autor/Título usado como assunto | |
| ID Autoridade | 4138 |
| Palavra de ordem - nome | Negreiros |
| 606 ## - Nome comum usado como assunto | |
| ID Autoridade | 3661 |
| Palavra de ordem | Crítica Literária.Estudos Literários |
| 801 ## - Fonte de origem | |
| País | PT |
| Agência | BMMN |
| Regras de catalogação | RPC |
| 830 ## - Notas gerais do catalogador | |
| Criado por | Fernando |
| Indexado por | Fernando |
| 990 ## - Elementos KOHA | |
| Tipo de documento | Livro |
| Situação do levantamento | Biblioteca de origem | Código de barras | Cota | Permissão de empréstimo | Tipo de documento | Forma de aquisição |
|---|---|---|---|---|---|---|
| Biblioteca Municipal de Montemor-o-Novo | 30907 | 82.09 COL|LG | Livro | Compra |